Undang-undang dan Peraturan-peraturan Yang Bersesuaian Bagi Jabatan Kastam Diraja Malaysia : (Record no. 4929)

000 -LEADER
fixed length control field 00655nam a22002057a 4500
005 - DATE AND TIME OF LATEST TRANSACTION
control field 20220111102731.0
008 - FIXED-LENGTH DATA ELEMENTS--GENERAL INFORMATION
fixed length control field 220111b2021 my ||||| |||| 00| 0 my d
020 00 - INTERNATIONAL STANDARD BOOK NUMBER
International Standard Book Number 9789677013300
Terms of availability RM 250.00
040 ## - CATALOGING SOURCE
Original cataloging agency AKMAL
082 00 - DEWEY DECIMAL CLASSIFICATION NUMBER
Classification number 343.595056 UND
090 ## - LOCALLY ASSIGNED LC-TYPE CALL NUMBER (OCLC); LOCAL CALL NUMBER (RLIN)
Classification number (OCLC) (R) ; Classification number, CALL (RLIN) (NR) 343.595056
Local cutter number (OCLC) ; Book number/undivided call number, CALL (RLIN) UND
245 10 - TITLE STATEMENT
Title Undang-undang dan Peraturan-peraturan Yang Bersesuaian Bagi Jabatan Kastam Diraja Malaysia :
Remainder of title Jilid I & Jilid II
250 00 - EDITION STATEMENT
Edition statement 35th ed.
260 00 - PUBLICATION, DISTRIBUTION, ETC.
Place of publication, distribution, etc. Kuala Lumpur
Name of publisher, distributor, etc. MDC Publishers Sdn. Bhd
Date of publication, distribution, etc. 2021
300 ## - PHYSICAL DESCRIPTION
Extent xiii,1219 page
Other physical details ill
Dimensions 19cm
599 ## - LOCAL NOTE
Local Note DALAM PROSES
650 ## - SUBJECT ADDED ENTRY--TOPICAL TERM
Topical term or geographic name entry element Customs
9 (RLIN) 7931
650 ## - SUBJECT ADDED ENTRY--TOPICAL TERM
Topical term or geographic name entry element Customs
General subdivision Law and legislations
9 (RLIN) 9398
942 ## - ADDED ENTRY ELEMENTS (KOHA)
Source of classification or shelving scheme
Koha item type Book
Holdings
Withdrawn status Lost status Source of classification or shelving scheme Damaged status Not for loan Collection code Home library Current library Shelving location Date acquired Inventory number Total Checkouts Full call number Barcode Date last seen Price effective from Koha item type Public note
          NON-FICTION AKMAL Melaka AKMAL Melaka PINJAMAN 11.01.2022 011443   343.595056 UND 201708089 11.01.2022 11.01.2022 Book  
          NON-FICTION AKMAL Melaka AKMAL Melaka PINJAMAN 11.01.2022 011444   343.595056 UND 201708090 11.01.2022 11.01.2022 Book  
          NON-FICTION AKMAL Melaka AKMAL Melaka PINJAMAN 11.01.2022 011445   343.595056 UND 201708091 11.01.2022 11.01.2022 Book  
          NON-FICTION AKMAL Melaka AKMAL Melaka PINJAMAN 11.01.2022 011446   343.595056 UND 201708092 11.01.2022 11.01.2022 Book  
          NON-FICTION AKMAL Melaka AKMAL Melaka PINJAMAN 15.07.2024 011566 (JILID I)   343.595056 MAL 201708248 15.07.2024 15.07.2024 Book Diterbit dan dicetak pada Mac 2024
          NON-FICTION AKMAL Melaka AKMAL Melaka PINJAMAN 15.07.2024 011567 (JILID II)   343.595056 MAL 201708249 15.07.2024 15.07.2024 Book Diterbit dan dicetak pada Mac 2024
Pusat Sumber Maklumat Dato' Haji Sarmin Md Hussin, Akademi Kastam Diraja Malaysia, Melaka
Tel: 06-2331106 | Faks: 06-2313787